Coastal nations - Statistics

General Stats
  • This quiz has been taken 41 times
  • The average score is 8 of 10
Answers on the Grid
Answers color-coded by a green-red scale on the quiz's grid according to % correct below.
Germany
Bolivia
Chile
Russia
Nepal
Niger
Portugal
Kazakhstan
Uzbekistan
Afghanistan
Pakistan
Indonesia
Laos
Mongolia
Japan
South Korea
Maldives
Mali
Ethiopia
Malaysia
 
Answer Stats
Answer % Correct
Chile
90%
Germany
90%
Portugal
90%
Japan
86%
Russia
86%
Indonesia
83%
Malaysia
83%
South Korea
83%
Maldives
79%
Pakistan
72%
No matching quizzes found
Score Distribution
Percent of People with Each Score
Percentile by Number Answered
Your Score History
You have not taken this quiz